000 00795nam a2200253Ia 4500
003 OSt
005 20220918171034.0
006 a|||||r|||| 00| 0
007 ta
008 220917b |||||||| |||| 00| 0 eng d
020 _a9781138104402 (hbk)
_cINR 995.00
024 _a348,795
037 _bBBS/126, 16/03/2019, Better Book Services
_cTextual
040 _aARTS
_cARTS
_beng
041 _2eng
_aeng
082 _aV2:2, Q9
100 _aBhatia Udit Ed.
_933425
245 0 _aIndian constituent assembly
_b deliberations on democracy
260 _aLondon
_bRoutledge UK
_c2019
300 _aix,227p.
_ccm.
650 _aCONSTITUTIONS - INDIA
_927902
942 _hV2:2, Q9
_cTEXL
_2CC
999 _c137462
_d137462